| 000 | 00382nam a2200157Ia 4500 | ||
|---|---|---|---|
| 003 | GCL | ||
| 008 | 140319s9999 xx 000 0 eng d | ||
| 040 |
_aGCL / _cGCL |
||
| 082 | 0 | 4 |
_a739 _bL J |
| 100 | 1 | _aGILTRAY, NIJSSE L. | |
| 245 | 1 | 0 |
_aJEWELRY / _cGILTRAY, NIJSSE L. |
| 260 |
_a[S.N] : _bUNIVESSE BOOKS, INC ، _c1964 |
||
| 300 | _a112 P | ||
| 650 | 0 | 4 | _aARTS |
| 942 |
_2ddc _cBK |
||
| 999 |
_c19579 _d19579 |
||